000
00314nam a2200133Ia 4500
005
20251222144903.0
008
251222s9999||||xx |||||||||||||| ||spa||
020
_a
987-500-046-9
082
_a
372.24/A17
100
_a
Accorinti, Stella
245
0
_a
Trabajando en El Aula:
264
_b
Manantial
942
_c
LIB
999
_c
22050
_d
22050